Trouvez l'acteur ou l'actrice...18 - Statistiques

Statistiques générales
  • Ce quiz a été pris 55 fois
  • Le résultat moyen est 5 sur 15
Statistiques - réponses
Films / Séries Acteurs / Actrices % Correct
L'écume des jours - L'auberge espagnole - De battre mon coeur s'est arrêté Romain Duris
67%
Le grand bain - Podium - Rien à déclarer Benoît Poelvoorde
65%
Hôtel du nord - Les enfants du paradis - Les visiteurs du soir Arletty
56%
Sans toit ni loi - A nos amours - Jeanne la pucelle Sandrine Bonnaire
46%
Jeux interdits - Les valseuses - La boum Brigitte Fossey
44%
Interstellar - True detective - Amistad Matthew McConaughey
33%
Un long dimanche de fiançailles - Paris - 9 mois ferme Albert Dupontel
31%
Casablanca - Pour qui sonne le glas - La maison du Docteur Edwardes Ingrid Bergman
29%
Ally McBeal - Sherlock Holmes: jeu d'ombres - Avengers: l'ère d'Ultron Robert Downey Jr
29%
Blanche-Neige et le chasseur - Thor: le monde des ténèbres - Avengers Chris Hemsworth
27%
Gladiator - Signes - Le village Joaquin Phoenix
27%
High School Musical - Le secret de Charlie - Nos pires voisins Zac Efron
27%
Star wars, épisode IV: un nouvel espoir - Quand Harry rencontre Sally - Scream 3 Carrie Fisher
23%
Entrons dans la danse - La grande farandole - Le danseur du dessus Ginger Rogers
6%
Gossip girl - The royals - Austin Powers Elisabeth Hurley
2%
Aucun quiz correspondant
Distribution des résultats
% des personnes avec chaque résultat
Percentile par nombre de réponses
Votre historique - résultats
Vous n’avez pas pris ce quiz